Enterprise Programme Management: Delivering Value (Record no. 1985)

MARC details
000 -LEADER
fixed length control field 00357nam a22001337a 4500
008 - FIXED-LENGTH DATA ELEMENTS--GENERAL INFORMATION
fixed length control field 250218b |||||||| |||| 00| 0 eng d
020 ## - INTERNATIONAL STANDARD BOOK NUMBER
ISBN 023000234X
100 ## - MAIN ENTRY--AUTHOR
Author WILLIAMS, David
245 ## - TITLE STATEMENT
Title Enterprise Programme Management: Delivering Value
260 ## - PUBLICATION, DISTRIBUTION, ETC. (IMPRINT)
Place of publication New York
Name of publisher Palgrave Macmillan
Date of publication 2006
300 ## - COLLATION
Pagination xvi, 303p.
942 ## - ADDED ENTRY ELEMENTS (KOHA)
Item type Books
050 ## - LIBRARY OF CONGRESS CALL NUMBER
Classification number HD1393
Item number .W55
Holdings
Source of classification or shelving scheme Not for loan Permanent location Current location Date acquired Accession No. Full call number Barcode. Koha item type
Library of Congress Classification   Samuel Ogbemudia Main Library, University of Abuja Samuel Ogbemudia Main Library, University of Abuja 02/18/2025 2010/40260 HD1393.W55 2025-0121 Books